I conti della nazione (Record no. 1572)

000 -CABECERA
campo de control de longitud fija 00530nam#a2200217#c#4500
003 - IDENTIFICADOR DEL NÚMERO DE CONTROL
campo de control IEF
005 - FECHA Y HORA DE LA ÚLTIMA TRANSACCIÓN
campo de control 20180219145710.0
008 - CÓDIGOS DE INFORMACIÓN DE LONGITUD FIJA
campo de control de longitud fija 941031s1978 uuu####fr####| 0||u| |u
040 ## - FUENTE DE LA CATALOGACIÓN
Centro catalogador de origen IEF
100 1# - PUNTO DE ACCESO PRINCIPAL - NOMBRE DE PERSONA
Nombre de persona Lenti, Libero
9 (RLIN) 25600
245 ## - MENCIÓN DE TÍTULO
Título I conti della nazione
250 ## - MENCIÓN DE EDICIÓN
Mención de edición 2ª ed.
260 ## - PUBLICACIÓN, DISTRIBUCIÓN, ETC. (PIE DE IMPRENTA)
Lugar de publicación distribución etc. [Torino]
Nombre del editor distribuidor etc. Utet
Fecha de publicación distribución etc. 1978
300 ## - DESCRIPCIÓN FÍSICA
Extensión XV, 1236 p.
Dimensiones 24 cm.
500 ## - NOTA GENERAL
Nota general Contiene bibliografia e indices.
650 #4 - PUNTO DE ACCESO ADICIONAL DE MATERIA--TÉRMINO DE MATERIA
Término de materia o nombre geográfico como elemento inicial CONTABILIDAD NACIONAL
9 (RLIN) 40757
650 #4 - PUNTO DE ACCESO ADICIONAL DE MATERIA--TÉRMINO DE MATERIA
Término de materia o nombre geográfico como elemento inicial ITALIA
9 (RLIN) 47518
942 ## - ELEMENTOS DE PUNTO DE ACCESO ADICIONAL (KOHA)
Tipo de ítem Koha Libros
942 ## - ELEMENTOS DE PUNTO DE ACCESO ADICIONAL (KOHA)
-- 5044
Holdings
Estado de retiro Estado de pérdida Estado dañado No para préstamo Localización permanente Fecha de adquisición Signatura topográfica completa Código de barras Fecha visto por última vez Precio válido a partir de Tipo de ítem Koha
      Disponible para préstamo IEF 1994-10-31 30179 30179 2018-02-19 2018-02-19 Libros

Powered by Koha